[Event "Balikesir Sebboy Gp"]
[Site "Balikesir"]
[Date "2022.12.23"]
[Round "3.5"]
[White "Ozen, Metehan"]
[Black "Kuru, Atilla"]
[Result "0-1"]
[WhiteElo "2137"]
[BlackElo "1939"]
[PlyCount "134"]
[EventDate "2022.12.22"]
[EventType "team-schev"]
[EventRounds "9"]
[EventCountry "TUR"]
[SourceTitle "CBM 212 Extra"]
[Source "ChessBase"]
[SourceDate "2023.03.31"]
[SourceVersion "1"]
[SourceVersionDate "2023.03.31"]
[SourceQuality "1"]
[WhiteTeam "Team A"]
[BlackTeam "Team D"]
[WhiteTeamCountry "TUR"]
[BlackTeamCountry "TUR"]

1. d4 e6 2. Nf3 d5 3. c4 Nf6 4. Nc3 c6 5. Bg5 Nbd7 6. e3 Be7 7. cxd5 exd5 8. Bd3 0-0 9. 0-0 Re8 10. Qc2 h6 11. Bh4 b6 12. Bxf6 Nxf6 13. e4 dxe4 14. Nxe4 Bb7 15. Nxf6+ Bxf6 16. Be4 Qd6 17. Rad1 Re7 18. Rfe1 Kh8 19. Qc1 Rae8 20. Bb1 Kg8 21. h3 Kf8 22. Rxe7 Rxe7 23. Bd3 Rc7 24. Be4 Bc8 25. b3 Be6 26. Qc2 g6 27. Qd2 Kg7 28. Rc1 Bd5 29. Qd3 Qf4 30. Re1 Rd7 31. Bxd5 Rxd5 32. Re4 Qd6 33. g3 c5 34. Qa6 cxd4 35. Qxa7 d3 36. Re1 d2 37. Rd1 Qc6 38. Qa6 Qc2 39. Qe2 Bc3 40. Kf1 Rd6 41. Kg2 b5 42. a4 Re6 43. Qf1 Qxd1 44. Qxd1 Re1 45. Qc2 Rc1 46. Qxd2 Bxd2 47. Nxd2 Rc2 48. Nf3 b4 49. Nd4 Rc5 50. Kf3 Kf6 51. Ke4 Ke7 52. Nb5 Kd7 53. Kd4 Rc2 54. Kd3 Rxf2 55. Kc4 Rg2 56. Kxb4 f5 57. Kc5 g5 58. a5 f4 59. gxf4 gxf4 60. Nd4 Rg5+ 61. Kb6 Kc8 62. h4 Rd5 63. Nc6 Rd6 64. a6 Rxc6+ 65. Kxc6 Kb8 66. b4 f3 67. b5 f2 0-1

[Event "TUR-ch Youth"]
[Site "Denizli"]
[Date "2022.05.24"]
[Round "1"]
[White "Ozen, Metehan"]
[Black "Aydogan, Babur"]
[Result "1-0"]
[WhiteElo "1829"]
[BlackElo "1266"]
[PlyCount "65"]
[EventDate "2022.05.24"]
[EventType "swiss"]
[EventRounds "9"]
[EventCountry "TUR"]
[SourceTitle "EXT 2023"]
[Source "ChessBase"]
[SourceDate "2022.10.05"]
[SourceVersion "1"]
[SourceVersionDate "2022.10.05"]
[SourceQuality "1"]

1. e4 c5 2. Nf3 g6 3. d4 Bg7 4. dxc5 Qa5+ 5. c3 Qxc5 6. Bd3 b6 7. 0-0 Bb7 8. Be3 Qc8 9. Nbd2 Nf6 10. Rc1 Nc6 11. h3 0-0 12. c4 Ne8 13. Qb3 d6 14. a3 Nc7 15. Qa2 Qe6 16. b4 Ne5 17. Nxe5 Bxe5 18. f4 Bg7 19. Rce1 Qd7 20. f5 Kh8 21. Nf3 gxf5 22. exf5 d5 23. Qf2 e6 24. Qh4 exf5 25. Ng5 h6 26. Bxf5 Qc6 27. Bd4 dxc4 28. Bxg7+ Kxg7 29. Be4 Qb5 30. Bxb7 hxg5 31. Qd4+ Kg6 32. Bxa8 Ne6 33. Qf6+ 1-0

[Event "Enez op"]
[Site "Enez"]
[Date "2018.??.??"]
[Round "2"]
[White "Ozen, Metehan"]
[Black "Mammadov, Zaur Fazahir Oglu"]
[Result "0-1"]
[WhiteElo "1401"]
[BlackElo "2454"]
[PlyCount "82"]
[EventDate "2018.09.15"]
[EventType "swiss"]
[EventRounds "9"]
[EventCountry "TUR"]
[SourceTitle "EXT 2019"]
[Source "ChessBase"]
[SourceDate "2018.10.10"]
[SourceVersion "1"]
[SourceVersionDate "2018.10.10"]
[SourceQuality "1"]

1. d4 d5 2. Nf3 Nf6 3. Bf4 c5 4. e3 cxd4 5. exd4 Nc6 6. c3 g6 7. Bd3 Bg7 8. h3 0-0 9. Nbd2 Nh5 10. Bh2 Bh6 11. 0-0 Nf4 12. Bc2 Qb6 13. Rb1 f6 14. Re1 e5 15. Bxf4 Bxf4 16. Bb3 Be6 17. Ne4 Na5 18. Nc5 Nxb3 19. Qxb3 Qxb3 20. axb3 Bf5 21. Ra1 b6 22. Na6 e4 23. Nh4 Be6 24. Nf3 Kf7 25. Nh2 f5 26. Nf1 Bd6 27. Ra2 Kf6 28. Rea1 f4 29. Nd2 Rac8 30. f3 e3 31. Nb1 Bf5 32. Ra4 Rfe8 33. Kf1 Bc2 34. b4 Kf5 35. R4a2 Bd3+ 36. Ke1 Be7 37. Na3 Bh4+ 38. Kd1 e2+ 39. Kd2 Bxa6 40. Nc2 e1Q+ 41. Nxe1 Re2+ 0-1